The inttelligence fieldbook : tools and techniques for building strong alliances for your business

Bibliographic Details
Main Author: Dent,Stephen M.
Other Authors: Naiman, Sandra M.
Format: Book
Language:English
Published: United States : Davies-Black Publishing , 2002
Subjects:

MARC

LEADER 00000cam a2200000 7i4500
001 0000024385
005 20120510.0
008 120507s -us# eng
020 |a 0891061665 ,   |c RM228.00 
040 |a INS 
090 0 0 |a HD69.S8   |b D46 2002 
100 1 |a Dent,Stephen M. 
245 1 4 |a The inttelligence fieldbook :   |b tools and techniques for building strong alliances for your business   |c Stephen M.Dent, Sandra M. Naiman 
260 |a United States :   |b Davies-Black Publishing ,   |c 2002 
300 |a xv,264p. ;   |c 24cm. 
650 0 |a Business networks 
650 0 |a Strategic alliances (Business) 
700 1 |a Naiman, Sandra M. 
999 |a 1000000860   |b BOOK   |c Open Shelf   |e Default branch